|
|
|
|
| LEADER |
00981nam a2200241 a 4500 |
| 001 |
25857512 |
| 008 |
091028s1989 ii a b 000 0 eng d |
| 010 |
|
|
|a 77554250
|
| 020 |
|
|
|a 8120404475
|
| 040 |
|
|
|a EEM
|c EEM
|
| 082 |
0 |
0 |
|a 338.1/09172/4
|2 20
|
| 100 |
1 |
|
|a Watson, David.
|
| 245 |
1 |
0 |
|a Changing focus :
|b involving the rural poor in development planning,
|c David Watson, Richard Holloway.
|
| 260 |
|
|
|a New Delhi :
|b Oxford & IBH Publishing Co.,
|c 1989
|
| 300 |
|
|
|a vi, 177 p. :
|b ill. ;
|c 24 cm.
|
| 504 |
|
|
|a Includes bibliographical references (p. [176]-177).
|
| 541 |
1 |
|
|e 00006078
|
| 650 |
|
0 |
|a Rural poor
|z Developing countries.
|
| 650 |
|
0 |
|a Rural development projects
|z Developing countries.
|
| 700 |
1 |
|
|a Holloway, Richard.
|
| 852 |
4 |
|
|a Ayesha Abed Library
|j General Shelf
|
| 999 |
|
|
|c 5407
|d 5407
|
| 952 |
|
|
|0 0
|1 0
|2 ddc
|4 0
|6 338_109172400000000_WAT_1989
|7 0
|9 5278
|a BRACUL
|b BRACUL
|c GEN
|d 2009-11-11
|g 200.00
|l 0
|o 338.1091724 WAT
|p 3010006078
|r 2009-11-11
|t 1
|v 400.00
|w 2009-11-11
|y BK
|